Зрелые годы короля Генриха IV: роман: пер. с нем.

Библиографические подробности
Главный автор: Манн Г. Генрих
Язык:русский
Опубликовано: Киев, Вища школа, 1985
Предметы:
Формат: Книга
Запись в KOHA:https://koha.lib.tpu.ru/cgi-bin/koha/opac-detail.pl?biblionumber=86942

MARC

LEADER 00000nam0a2200000 4500
001 86942
005 20231101213518.0
035 |a (RuTPU)RU\TPU\book\93346 
035 |a RU\TPU\book\71315 
090 |a 86942 
100 |a 20051202d1985 m y0rusy50 ca 
101 1 |a rus  |c ger 
102 |a UA 
105 |a y z 000ay 
200 1 |a Зрелые годы короля Генриха IV  |e роман: пер. с нем.  |f Г. Манн 
210 |a Киев  |c Вища школа  |d 1985 
215 |a 624 с. 
610 1 |a немецкая литература 
610 1 |a романы 
675 |a 83  |v 3 
700 1 |a Манн  |b Г.  |c немецкий писатель  |f 1871-1950  |g Генрих  |2 stltpush  |3 (RuTPU)RU\TPU\pers\36202  |9 19282 
801 1 |a RU  |b 63413507  |c 20040910  |g PSBO 
801 2 |a RU  |b 63413507  |c 20160215  |g PSBO 
942 |c BK